<?xml version="1.0" encoding="UTF-8"?>
<marc:record xmlns:marc="http://www.loc.gov/MARC21/slim">
   <marc:leader>00000nam a2200000 a 4500</marc:leader>
   <marc:datafield ind1="1" ind2=" " tag="100">
      <marc:subfield code="a">Mohn, Isabella</marc:subfield>
      <marc:subfield code="4">aut</marc:subfield>
      <marc:subfield code="e">Verfasser/-in</marc:subfield>
   </marc:datafield>
   <marc:datafield ind1=" " ind2=" " tag="653">
      <marc:subfield code="a">KIKA</marc:subfield>
   </marc:datafield>
   <marc:datafield ind1=" " ind2=" " tag="653">
      <marc:subfield code="a">Elfen</marc:subfield>
   </marc:datafield>
   <marc:datafield ind1=" " ind2=" " tag="653">
      <marc:subfield code="a">Einhörner</marc:subfield>
   </marc:datafield>
   <marc:datafield ind1=" " ind2=" " tag="653">
      <marc:subfield code="a">Softcover / Kinder- und Jugendbücher/Kinderbücher bis 11 Jahre</marc:subfield>
   </marc:datafield>
   <marc:datafield ind1="0" ind2="0" tag="245">
      <marc:subfield code="a">Mia and me</marc:subfield>
   </marc:datafield>
   <marc:datafield ind1="0" ind2="0" tag="245">
      <marc:subfield code="c">Isabella Mohn</marc:subfield>
   </marc:datafield>
   <marc:datafield ind1=" " ind2="1" tag="264">
      <marc:subfield code="a">Köln</marc:subfield>
      <marc:subfield code="b">SchneiderBuch Egmont</marc:subfield>
      <marc:subfield code="c">2012</marc:subfield>
   </marc:datafield>
   <marc:datafield ind1=" " ind2=" " tag="250">
      <marc:subfield code="a">1. Aufl.</marc:subfield>
   </marc:datafield>
   <marc:datafield ind1="1" ind2=" " tag="520">
      <marc:subfield code="a">Angaben aus der Verlagsmeldung

Mia and me, Band 01 : Mia und die Elfen / von Isabella Mohn

Eine neue Mädchenserie voller Magie, Abenteuer und liebenswerter Figuren - mit einer wunderschönen Elfe als Heldin, die alle Herzen im Sturm erobert! Eigentlich ist die 12-jährige Mia ein ganz normales Mädchen, doch sie hütet einen besonderen Schatz: ein geheimnisvolles Buch über das fantastische Reich Centopia, das von zauberhaften Elfen und Einhörnern bevölkert ist. Eines Tages macht Mia eine unglaubliche Entdeckung: Mit Hilfe eines magischen Armbands kann sie dieses wundersame Reich betreten - und verwandelt sich selbst in eine wunderschöne Elfe! Mia besitzt zudem eine einzigartige Gabe: Sie kann mit den Einhörnern sprechen! Doch das friedliche Paradies ist in Gefahr, denn die böse Königin Panthea will das Elfenbein der Einhörner rauben, um selbst Unsterblichkeit zu erlangen. Gemeinsam mit den Elfen Yuko und Prinz Mo steht Mia ein großes Abenteuer bevor: die Rettung von Centopia und seinen sanftmütigen Bewohnern!
</marc:subfield>
   </marc:datafield>
   <marc:datafield ind1=" " ind2=" " tag="020">
      <marc:subfield code="a">9783505130168</marc:subfield>
      <marc:subfield code="9">9783505130168</marc:subfield>
   </marc:datafield>
   <marc:datafield ind1=" " ind2=" " tag="020">
      <marc:subfield code="a">3505130168</marc:subfield>
      <marc:subfield code="9">3505130168</marc:subfield>
   </marc:datafield>
   <marc:datafield ind1=" " ind2=" " tag="041">
      <marc:subfield code="a">ger</marc:subfield>
   </marc:datafield>
   <marc:datafield ind1=" " ind2=" " tag="300">
      <marc:subfield code="a">123 S.</marc:subfield>
   </marc:datafield>
</marc:record>
